Názvosloví číslicových a analogových počítačů stroje na zpracování dat
Salvato in:
| Natura: | Libro |
|---|---|
| Lingua: | ceco |
| Pubblicazione: |
[S.l.]
[s.n.]
1976
|
| Tags: |
Nessun Tag, puoi essere il primo ad aggiungerne!!
|
MARC
| LEADER | 00000nam a2200000 4500 | ||
|---|---|---|---|
| 001 | c120298 | ||
| 005 | 20250526085118.2 | ||
| 041 | 0 | |a cze | |
| 044 | |a CS | ||
| 245 | 1 | 0 | |a Názvosloví číslicových a analogových počítačů |b stroje na zpracování dat |
| 264 | 1 | |a [S.l.] |b [s.n.] |c 1976 | |
| 300 | |a 374 s. | ||
| 500 | |a ČSN 36 9001 | ||
| 500 | |a Schvál.: 6.12.1972 | ||
| 500 | |a Účinn.: 1.1.1975 | ||
| 500 | |a Nahrádza: ČSN 17 8008 ze dne 14.4.1965 | ||